Culture Générale - Série 2512 - Statistiques

Statistiques générales
  • Ce quiz a été pris 78 fois
  • Le résultat moyen est 4 sur 10
Statistiques - réponses
Question Réponse % Correct
Bande de terre resserrée entre deux mers ou deux golfes et réunissant deux terres. isthme
73%
Retour brutal des vagues sur elles-mêmes, lorsqu'elles ont frappé un obstacle. ressac
65%
Dans quel département se situe le Gouffre de Padirac ? voir photo Lot
54%
Dans quel pays un révolutionnaire célèbre a-t-il trouvé la mort le 8 octobre 1967 ? Bolivie
49%
De quel état des Etats Unis Salem est-elle la capitale ? Oregon
35%
Procédure d'urgence qui permet au juge de prendre des mesures provisoires référé
31%
Dans quelle ville française peut-on visiter le musée Toulouse- Lautrec ? Albi
27%
Homme de main qui agit au nom d'un donneur d'ordre pour menacer, brutaliser ou tuer. - 5 lettres nervi
23%
Cavalier allemand (anciennement) -guerrier brutal (littéraire) - 6 lettres reitre
21%
Action d'agacer, de taquiner, de provoquer quelqu'un par des petites taquineries ; plaisanter à propos d'une personne en vue de l'exciter - 7 lettres commençant par " l " lutiner
4%
Aucun quiz correspondant
Distribution des résultats
% des personnes avec chaque résultat
Percentile par nombre de réponses
Votre historique - résultats
Vous n’avez pas pris ce quiz